Mythes et idéologie de la femme dans les romans de Flaubert
| Subtitles: | La femme dans les romans de Flaubert La femme dans les romans de Flaubert : mythes et idéologie |
|---|---|
| Main Author: | |
| Format: | Print Book |
| Language: | French |
| Subito Delivery Service: | Order now. |
| Check availability: | HBZ Gateway |
| WorldCat: | WorldCat |
| Interlibrary Loan: | Interlibrary Loan for the Fachinformationsdienste (Specialized Information Services in Germany) |
| Published: |
Lyon
Presses Universitaires
1983
|
| In: | Year: 1983 |
| Standardized Subjects / Keyword chains: | B
Flaubert, Gustave 1821-1880
/ Novel
/ Woman (Motif)
|
| Further subjects: | B
Girard, René (1923-2015)
B Flaubert, Gustave (1821-1880) |
MARC
| LEADER | 00000cam a2200000 c 4500 | ||
|---|---|---|---|
| 001 | 024473960 | ||
| 003 | DE-627 | ||
| 005 | 20251219210959.0 | ||
| 007 | tu | ||
| 008 | 840713s1983 fr ||||| 00| ||fre c | ||
| 020 | |a 2729701907 |9 2-7297-0190-7 | ||
| 035 | |a (DE-627)024473960 | ||
| 035 | |a (DE-576)00948826X | ||
| 035 | |a (DE-599)GBV024473960 | ||
| 035 | |a (OCoLC)10154969 | ||
| 035 | |a (OCoLC)10154969 | ||
| 035 | |a (AT-OBV)AC01339594 | ||
| 035 | |a (DE-604)8034270035 | ||
| 040 | |a DE-627 |b ger |c DE-627 |e rakwb | ||
| 041 | |a fre | ||
| 044 | |c XA-FR | ||
| 082 | 0 | |a 843/.8 |q OCLC | |
| 084 | |a 1 |2 ssgn | ||
| 084 | |a IG 6055 |2 rvk |0 (DE-625)rvk/56238:11856 | ||
| 100 | 1 | |0 (DE-588)1067588574 |0 (DE-627)818987987 |0 (DE-576)160659167 |4 aut |a Czyba, Lucette |d 1933- | |
| 109 | |a Czyba, Lucette 1933- |a Czyba, Luce 1933- |a Czyba, L. 1933- | ||
| 245 | 1 | 0 | |a Mythes et idéologie de la femme dans les romans de Flaubert |c Lucette Czyba |
| 246 | 1 | |i Nebent. |a La femme dans les romans de Flaubert | |
| 246 | 3 | 3 | |a La femme dans les romans de Flaubert : mythes et idéologie |
| 264 | 1 | |a Lyon |b Presses Universitaires |c 1983 | |
| 300 | |a 412 S |b Ill | ||
| 336 | |a Text |b txt |2 rdacontent | ||
| 337 | |a ohne Hilfsmittel zu benutzen |b n |2 rdamedia | ||
| 338 | |a Band |b nc |2 rdacarrier | ||
| 583 | 1 | |a Archivierung prüfen |c 20240324 |f DE-4165 |z 3 |2 pdager | |
| 600 | 1 | 7 | |0 (DE-588)118539507 |0 (DE-627)079338933 |0 (DE-576)161119867 |a Girard, René |d 1923-2015 |2 gnd |
| 600 | 1 | 7 | |0 (DE-588)118533754 |0 (DE-627)283822619 |0 (DE-576)160961521 |a Flaubert, Gustave |d 1821-1880 |2 gnd |
| 689 | 0 | 0 | |d p |0 (DE-588)118533754 |0 (DE-627)283822619 |0 (DE-576)160961521 |2 gnd |a Flaubert, Gustave |d 1821-1880 |
| 689 | 0 | 1 | |d s |0 (DE-588)4050479-7 |0 (DE-627)104137673 |0 (DE-576)209087579 |2 gnd |a Roman |
| 689 | 0 | 2 | |d s |0 (DE-588)4113617-2 |0 (DE-627)104653604 |0 (DE-576)209477962 |2 gnd |a Frau |g Motiv |
| 689 | 0 | |5 DE-101 | |
| 689 | 1 | 0 | |d p |0 (DE-588)118533754 |0 (DE-627)283822619 |0 (DE-576)160961521 |2 gnd |a Flaubert, Gustave |d 1821-1880 |
| 689 | 1 | 1 | |d s |0 (DE-588)4050479-7 |0 (DE-627)104137673 |0 (DE-576)209087579 |2 gnd |a Roman |
| 689 | 1 | 2 | |d s |0 (DE-588)4113617-2 |0 (DE-627)104653604 |0 (DE-576)209477962 |2 gnd |a Frau |g Motiv |
| 689 | 1 | |5 (DE-627) | |
| 889 | |w (DE-576)520025520 | ||
| 889 | |w (DE-627)1590025520 | ||
| 935 | |a GIRA | ||
| 935 | |i Blocktest | ||
| 936 | r | v | |a IG 6055 |b Sekundärliteratur |k Romanistik |k Französische Literatur im 18. und 19. Jahrhundert |k Französische Literatur im 19. Jahrhundert |k Literaturgeschichte |k Einzelne Autoren und ausgewählte Anonyma |k Autoren F |k Flaubert, Gustave |k Sekundärliteratur |0 (DE-627)1271478471 |0 (DE-625)rvk/56238:11856 |0 (DE-576)201478471 |
| 951 | |a BO | ||
| ELC | |b 1 | ||
| LOK | |0 000 xxxxxcx a22 zn 4500 | ||
| LOK | |0 001 3060286264 | ||
| LOK | |0 003 DE-627 | ||
| LOK | |0 004 024473960 | ||
| LOK | |0 005 20250822225757 | ||
| LOK | |0 008 190311||||||||||||||||ger||||||| | ||
| LOK | |0 035 |a (DE-Tue135-1)8008 | ||
| LOK | |0 040 |a DE-Tue135-1 |c DE-627 |d DE-Tue135-1 | ||
| LOK | |0 852 |a DE-Tue135-1 | ||
| LOK | |0 852 1 |m p |9 00 | ||
| LOK | |0 866 |x Bibliography no | ||
| LOK | |0 935 |a iMON | ||
| LOK | |0 938 |k p | ||
| LOK | |0 939 |a 11-03-19 |b l12 | ||
| ORI | |a SA-MARC-ixtheoa001.raw | ||
| REL | |a 1 | ||
| STA | 0 | 0 | |a Novel,Fiction |
| STB | 0 | 0 | |a Roman |
| STC | 0 | 0 | |a Novela,Novelas |
| STD | 0 | 0 | |a Romanzo |
| STE | 0 | 0 | |a 小说 |
| STF | 0 | 0 | |a 小說 |
| STG | 0 | 0 | |a Romance |
| STH | 0 | 0 | |a Роман |
| STI | 0 | 0 | |a Μυθιστόρημα |
| SUB | |a REL | ||
| SYA | 0 | 0 | |a Girard, René Noël Théophile,1923-2015,Žurar, Rene,1923-2015 , Flaubert, Gustaw,1821-1880,Flaubert, Gustavo,1821-1880,Flober, Giustav,1821-1880,Flober, Gustav,1821-1880,Flôber, Gûstav,1821-1880,Flober, Gyowstav,1821-1880,Flôpêṙ, Kiwst'av,1821-1880,Flūbair, Ǧūstāf,1821-1880,Flobjer, Gjustaw,1821-1880,Fuloubai,1821-1880,Fu-lou-pai,1821-1880,Flobjer, Gustaw,1821-1880,Flober, Gustav,1821-1880,Flober,1821-1880,Fu-lou-pai, Chü-ssu-ta fu,1821-1880,Phlōmper, Goustauos,1821-1880,Phlōmper, Gkystav,1821-1880,Flūbīr, Ġūstāf,1821-1880,Phlōmper, Gustanos,1821-1880,Phlōmper, Gustauos,1821-1880,Flober, Gjustav,1821-1880,Flaubert, Gustav,1821-1880,Flaubert,1821-1880,Furomoto, Kanae,1821-1880,Fluber,1821-1880,Fl'ober, G.,1821-1880,Flober, G.,1821-1880,H'pho-lo-bhe-khre, G'he-si-the-wo,1821-1880,Hʹpho-lo-bhe-khre, Gʹhe-si-the-wo,1821-1880 |
| SYG | 0 | 0 | |a Flaubert, Gustaw,1821-1880,Flaubert, Gustavo,1821-1880,Flober, Giustav,1821-1880,Flober, Gustav,1821-1880,Flôber, Gûstav,1821-1880,Flober, Gyowstav,1821-1880,Flôpêṙ, Kiwst'av,1821-1880,Flūbair, Ǧūstāf,1821-1880,Flobjer, Gjustaw,1821-1880,Fuloubai,1821-1880,Fu-lou-pai,1821-1880,Flobjer, Gustaw,1821-1880,Flober, Gustav,1821-1880,Flober,1821-1880,Fu-lou-pai, Chü-ssu-ta fu,1821-1880,Phlōmper, Goustauos,1821-1880,Phlōmper, Gkystav,1821-1880,Flūbīr, Ġūstāf,1821-1880,Phlōmper, Gustanos,1821-1880,Phlōmper, Gustauos,1821-1880,Flober, Gjustav,1821-1880,Flaubert, Gustav,1821-1880,Flaubert,1821-1880,Furomoto, Kanae,1821-1880,Fluber,1821-1880,Fl'ober, G.,1821-1880,Flober, G.,1821-1880,H'pho-lo-bhe-khre, G'he-si-the-wo,1821-1880,Hʹpho-lo-bhe-khre, Gʹhe-si-the-wo,1821-1880 , Prosaroman , Romesmarkt,Románvásár,Romanvarasch , Roman , Frauen,Frauendarstellung,Frauengestalt,Frauenbild,Erwachsene Frau,Weib,Weibliche Erwachsene,Frauen , Flaubert, Gustaw,1821-1880,Flaubert, Gustavo,1821-1880,Flober, Giustav,1821-1880,Flober, Gustav,1821-1880,Flôber, Gûstav,1821-1880,Flober, Gyowstav,1821-1880,Flôpêṙ, Kiwst'av,1821-1880,Flūbair, Ǧūstāf,1821-1880,Flobjer, Gjustaw,1821-1880,Fuloubai,1821-1880,Fu-lou-pai,1821-1880,Flobjer, Gustaw,1821-1880,Flober, Gustav,1821-1880,Flober,1821-1880,Fu-lou-pai, Chü-ssu-ta fu,1821-1880,Phlōmper, Goustauos,1821-1880,Phlōmper, Gkystav,1821-1880,Flūbīr, Ġūstāf,1821-1880,Phlōmper, Gustanos,1821-1880,Phlōmper, Gustauos,1821-1880,Flober, Gjustav,1821-1880,Flaubert, Gustav,1821-1880,Flaubert,1821-1880,Furomoto, Kanae,1821-1880,Fluber,1821-1880,Fl'ober, G.,1821-1880,Flober, G.,1821-1880,H'pho-lo-bhe-khre, G'he-si-the-wo,1821-1880,Hʹpho-lo-bhe-khre, Gʹhe-si-the-wo,1821-1880 , Prosaroman , Romesmarkt,Románvásár,Romanvarasch , Roman , Frauen,Frauendarstellung,Frauengestalt,Frauenbild,Erwachsene Frau,Weib,Weibliche Erwachsene,Frauen |



